[Event "GER-chT U12"]
[Site "Magdeburg"]
[Date "2016.12.29"]
[Round "5.1"]
[White "Franke, Josef"]
[Black "Hetzner, Hannes"]
[Result "0-1"]
[WhiteElo "1034"]
[BlackElo "1718"]
[PlyCount "62"]
[EventDate "2016.12.27"]
[EventType "team-swiss"]
[EventRounds "7"]
[EventCountry "GER"]
[SourceTitle "EXT 2018"]
[Source "ChessBase"]
[SourceDate "2017.10.13"]
[SourceVersion "1"]
[SourceVersionDate "2017.10.13"]
[SourceQuality "1"]
[WhiteTeam "Neumarkt"]
[BlackTeam "Erlangen"]
[WhiteTeamCountry "GER"]
[BlackTeamCountry "GER"]

1. e4 e6 2. Nf3 d5 3. exd5 exd5 4. d4 Bd6 5. Bd3 Ne7 6. Be3 Bf5 7. Bb5+ c6 8. Ba4 Nd7 9. Nbd2 Nf6 10. Rc1 0-0 11. c4 Ng6 12. c5 Bf4 13. 0-0 Re8 14. Re1 Ng4 15. Nf1 Nxe3 16. Nxe3 Be4 17. Bc2 Re6 18. g3 Bxe3 19. Rxe3 Bxc2 20. Rxc2 Rxe3 21. fxe3 Qf6 22. Rf2 Qe7 23. Qd3 Re8 24. Re2 f6 25. Kg2 Qe4 26. Qd2 Ne7 27. h3 Nf5 28. Kf2 h5 29. Nh4 Nxh4 30. gxh4 Qxh4+ 31. Kg2 Qe4+ 0-1

[Event "GER-chT U10"]
[Site "Magdeburg"]
[Date "2014.12.29"]
[Round "6.1"]
[White "Kassebaum, Elias Konstantin"]
[Black "Franke, Josef"]
[Result "1-0"]
[WhiteElo "895"]
[BlackElo "790"]
[PlyCount "65"]
[EventDate "2014.12.27"]
[EventType "team-swiss"]
[EventRounds "7"]
[EventCountry "GER"]
[SourceTitle "EXT 2016"]
[Source "ChessBase"]
[SourceDate "2015.10.08"]
[SourceVersion "1"]
[SourceVersionDate "2015.10.08"]
[SourceQuality "1"]
[WhiteTeam "Buende"]
[BlackTeam "Neumarkt"]
[WhiteTeamCountry "GER"]
[BlackTeamCountry "GER"]

1. Nf3 d5 2. g3 Nf6 3. Bg2 Bf5 4. 0-0 e6 5. d3 Bd6 6. Nbd2 0-0 7. c3 Qd7 8. Re1 e5 9. e4 Bh3 10. Bh1 Nc6 11. Qb3 Na5 12. Qc2 Bc5 13. b4 Bb6 14. bxa5 Bxa5 15. Nxe5 Qb5 16. exd5 Nxd5 17. c4 Qc5 18. Bxd5 Bb6 19. Ne4 Qa5 20. Bd2 Qa6 21. Ng5 Bd4 22. Nxh3 Bxa1 23. Rxa1 Rfe8 24. Bxf7+ Kf8 25. Bxe8 Kxe8 26. d4 Qd6 27. Re1 Kf8 28. Qd1 Qxd4 29. Bb4+ Qd6 30. Bxd6+ cxd6 31. Qxd6+ Ke8 32. Ng5 h6 33. Nc6# 1-0

[Event "GER-chT U10"]
[Site "Magdeburg"]
[Date "2013.12.28"]
[Round "5.3"]
[White "Prick, Paul"]
[Black "Franke, Josef"]
[Result "1-0"]
[WhiteElo "779"]
[BlackElo "815"]
[PlyCount "81"]
[EventDate "2013.12.27"]
[EventType "team-swiss"]
[EventRounds "5"]
[EventCountry "GER"]
[SourceTitle "EXT 2015"]
[Source "ChessBase"]
[SourceDate "2014.11.20"]
[SourceVersion "1"]
[SourceVersionDate "2014.11.20"]
[SourceQuality "1"]
[WhiteTeam "Magdeburg Schachzwerge III"]
[BlackTeam "Neumarkt"]
[WhiteTeamCountry "GER"]
[BlackTeamCountry "GER"]

1. e4 e5 2. Nf3 Nc6 3. Nc3 Bb4 4. Bc4 Nf6 5. d3 0-0 6. Bg5 d6 7. a3 Bc5 8. Nd5 h6 9. Bh4 Be6 10. Nxf6+ Kh8 11. Nh7 Qe8 12. Nxf8 Qxf8 13. Bxe6 fxe6 14. c3 d5 15. d4 Na5 16. dxc5 Re8 17. 0-0 Nc4 18. Rb1 Qf4 19. Bg3 Qxe4 20. Re1 Qf5 21. Nxe5 Nxe5 22. Bxe5 Rg8 23. Qf3 Qc2 24. Rec1 Qa4 25. Qd1 Qe4 26. Qe1 Qg6 27. Qd2 Rf8 28. Qc2 Qg5 29. Bd4 e5 30. Be3 Qh4 31. Rf1 d4 32. cxd4 exd4 33. Bxd4 Qxd4 34. Qd1 Qxc5 35. Rc1 Qb6 36. Qe2 Qg6 37. Qe3 Qf6 38. Qf3 Qe7 39. Qd1 Rf6 40. Qe1 Qc5 41. Rxc5 1-0

[Event "GER-chT U10"]
[Site "Magdeburg"]
[Date "2012.12.27"]
[Round "1.4"]
[White "Franke, Josef"]
[Black "Hundertmark, Morris"]
[Result "1-0"]
[WhiteElo "681"]
[BlackElo "681"]
[PlyCount "37"]
[EventDate "2012.12.27"]
[EventType "team-swiss"]
[EventRounds "7"]
[EventCountry "GER"]
[SourceTitle "EXT 2014"]
[Source "ChessBase"]
[SourceDate "2013.11.20"]
[SourceVersion "1"]
[SourceVersionDate "2013.11.20"]
[SourceQuality "1"]
[WhiteTeam "Magdeburg Schachzwerge III"]
[BlackTeam "Neumarkt"]
[WhiteTeamCountry "GER"]
[BlackTeamCountry "GER"]

1. e4 e5 2. Nf3 Bc5 3. Bc4 Nf6 4. 0-0 Nxe4 5. Nc3 Nxf2 6. Qe1 0-0 7. Ne4 c6 8. Nxc5 d5 9. Qxf2 dxc4 10. Nxe5 Qg5 11. Nf3 Qh5 12. Nd4 b6 13. d3 cxd3 14. cxd3 bxc5 15. Ne2 Bg4 16. Re1 Re8 17. Nf4 Rxe1+ 18. Qxe1 Qf5 19. Qe8# 1-0

[Event "GER-chT U10"]
[Site "Magdeburg"]
[Date "2012.12.27"]
[Round "2.4"]
[White "Wackernagel, Sara"]
[Black "Franke, Josef"]
[Result "0-1"]
[WhiteElo "681"]
[BlackElo "681"]
[PlyCount "44"]
[EventDate "2012.12.27"]
[EventType "team-swiss"]
[EventRounds "7"]
[EventCountry "GER"]
[SourceTitle "EXT 2014"]
[Source "ChessBase"]
[SourceDate "2013.11.20"]
[SourceVersion "1"]
[SourceVersionDate "2013.11.20"]
[SourceQuality "1"]
[WhiteTeam "Ersingen"]
[BlackTeam "Neumarkt"]
[WhiteTeamCountry "GER"]
[BlackTeamCountry "GER"]

1. e4 e5 2. Nf3 Nc6 3. Bb5 a6 4. Bxc6 bxc6 5. Nxe5 Bd6 6. Nf3 Nf6 7. Nc3 0-0 8. d3 Bb4 9. Bg5 d5 10. exd5 cxd5 11. 0-0 d4 12. Ne4 Be7 13. Qd2 Nxe4 14. dxe4 Bxg5 15. Nxg5 f6 16. Nf3 Re8 17. Rfe1 f5 18. e5 Bb7 19. Ng5 h6 20. Nh3 Qd5 21. Nf4 Qc6 22. Nh5 Qxg2# 0-1